[Event "Baku Solidarity Day"]
[Site "Baku"]
[Date "2010.12.24"]
[Round "3.2"]
[White "Orujov, Shujaat Ismiali"]
[Black "Bagirov, Rufat"]
[Result "0-1"]
[WhiteElo "2152"]
[BlackElo "2470"]
[PlyCount "150"]
[EventDate "2010.12.22"]
[EventType "schev"]
[EventRounds "10"]
[EventCountry "AZE"]
[SourceTitle "CBM 140 Extra"]
[Source "ChessBase"]
[SourceDate "2011.03.01"]
[SourceVersion "1"]
[SourceVersionDate "2011.03.01"]
[SourceQuality "1"]
[WhiteTeam "Team B"]
[BlackTeam "Team A"]
[WhiteTeamCountry "AZE"]
[BlackTeamCountry "AZE"]

1. e4 e6 2. d4 d5 3. exd5 exd5 4. Nf3 Nc6 5. c3 Bd6 6. Bd3 Nge7 7. 0-0 Bg4 8. Re1 Qd7 9. Nbd2 0-0 10. Nf1 Bf5 11. Ng3 Bxd3 12. Qxd3 f6 13. Bd2 Rfe8 14. Nh4 Bxg3 15. hxg3 g5 16. Nf3 Qf5 17. Qb5 Rab8 18. Re2 a6 19. Qa4 Ng6 20. Rae1 Rxe2 21. Rxe2 Kf7 22. Qd1 Re8 23. Rxe8 Kxe8 24. Ne1 Kf7 25. Be3 Nce7 26. Nd3 b6 27. a4 Qe6 28. g4 Qe4 29. Bc1 a5 30. f3 Qe6 31. Kf2 Qc6 32. Be3 Nc8 33. Bd2 Qc4 34. Qc2 Nd6 35. b3 Qa6 36. Qb1 Nf8 37. Qf1 Qc8 38. Bc1 Ne6 39. Ba3 c5 40. Qe2 Qc6 41. dxc5 bxc5 42. Qc2 Kg7 43. Kf1 c4 44. Nb2 cxb3 45. Qxb3 Qa6+ 46. Kg1 Nf4 47. g3 Qa7+ 48. Kf1 Nh3 49. Ke1 Qe3+ 50. Kd1 Qxf3+ 51. Kc1 Qxg3 52. Kb1 Nc4 53. Nxc4 Qd3+ 54. Kb2 dxc4 55. Qb7+ Kg6 56. Qe7 Qd2+ 57. Kb1 Qd1+ 58. Kb2 Qxg4 59. Qe8+ Kf5 60. Qc8+ Kf4 61. Qxc4+ Kf3 62. Qc6+ Qe4 63. Qxf6+ Kg2 64. Bd6 g4 65. Ka3 g3 66. Bc7 h5 67. Bxa5 Nf4 68. Qg5 Qf3 69. Bb4 Kf1 70. Qf6 g2 71. Bc5 h4 72. Qd4 h3 73. Qg1+ Ke2 74. Kb3 Qd5+ 75. Ka3 h2 0-1

[Event "Moscow Dvorkovich Memorial"]
[Site "Moscow"]
[Date "2009.09.20"]
[Round "13"]
[White "Bagirov, Rufat"]
[Black "Antipov, Mikhail Al"]
[Result "1/2-1/2"]
[WhiteElo "2486"]
[BlackElo "2176"]
[PlyCount "44"]
[EventDate "2009.09.08"]
[EventType "tourn"]
[EventRounds "13"]
[EventCountry "RUS"]
[EventCategory "4"]
[SourceTitle "CBM 132 Extra"]
[Source "ChessBase"]
[SourceDate "2009.11.03"]
[SourceVersion "1"]
[SourceVersionDate "2009.11.03"]
[SourceQuality "1"]

1. d4 d5 2. Nf3 Nf6 3. c4 e6 4. Nc3 c6 5. Bg5 h6 6. Bxf6 Qxf6 7. e3 Nd7 8. a3 g6 9. e4 dxe4 10. Nxe4 Qf4 11. Bd3 Bg7 12. 0-0 0-0 13. Re1 c5 14. g3 Qc7 15. Bf1 cxd4 16. Nxd4 Nc5 17. Nb5 Qe7 18. Nxc5 Qxc5 19. b4 Qe7 20. Rc1 Rd8 21. Qf3 a6 22. Nc3 Qf6 1/2-1/2

[Event "Moscow Dvorkovich Memorial"]
[Site "Moscow"]
[Date "2009.09.17"]
[Round "10"]
[White "Bagirov, Rufat"]
[Black "Babikov, Ivan"]
[Result "0-1"]
[WhiteElo "2486"]
[BlackElo "2351"]
[PlyCount "108"]
[EventDate "2009.09.08"]
[EventType "tourn"]
[EventRounds "13"]
[EventCountry "RUS"]
[EventCategory "4"]
[SourceTitle "CBM 132 Extra"]
[Source "ChessBase"]
[SourceDate "2009.11.03"]
[SourceVersion "1"]
[SourceVersionDate "2009.11.03"]
[SourceQuality "1"]

1. d4 d5 2. Bg5 Nf6 3. Nc3 Nbd7 4. f3 c5 5. dxc5 Qa5 6. Qd2 e6 7. e4 Bxc5 8. exd5 Nxd5 9. Nxd5 Qxd2+ 10. Kxd2 exd5 11. Re1+ Kf8 12. Bd3 Nb6 13. Ne2 Bd7 14. Be3 Nc4+ 15. Bxc4 Bxe3+ 16. Kxe3 dxc4 17. Kd4 Rc8 18. h4 Ke7 19. Nf4+ Be6 20. Re5 c3 21. b3 Rhd8+ 22. Ke3 Rd2 23. Rc1 Kd6 24. Re4 Bf5 25. Rd4+ Ke5 26. Rb4 Re8 27. Nd3+ Kd5+ 28. Kf4 Bxd3 29. cxd3 c2 30. Rxb7 Rc8 31. Rxf7 Rd1 32. Rxc2 Rxc2 33. Rxg7 Rxa2 34. g4 h6 35. Kf5 Rf1 36. f4 Raf2 37. Kg6 Rxf4 38. Kxh6 Rg1 39. Kh5 a5 40. g5 Rh1 41. Ra7 Rfxh4+ 42. Kg6 Ra1 43. Kf5 Rh2 44. g6 Rf2+ 45. Kg5 Kd4 46. Kh6 Kxd3 47. g7 Rh1+ 48. Kg6 Rg1+ 49. Kh7 Rh2+ 50. Kg8 Rh5 51. Rc7 Rhg5 52. Rd7+ Kc3 53. Rc7+ Kxb3 54. Kh8 Rh1+ 0-1

[Event "Moscow WCT 2nd"]
[Site "Moscow"]
[Date "2009.08.12"]
[Round "5"]
[White "Bagirov, Rufat"]
[Black "Aldokhin, Ivan"]
[Result "1/2-1/2"]
[WhiteElo "2467"]
[BlackElo "2342"]
[PlyCount "62"]
[EventDate "2009.08.08"]
[EventType "tourn"]
[EventRounds "9"]
[EventCountry "RUS"]
[EventCategory "6"]
[SourceTitle "CBM 132 Extra"]
[Source "ChessBase"]
[SourceDate "2009.11.03"]
[SourceVersion "1"]
[SourceVersionDate "2009.11.03"]
[SourceQuality "1"]

1. d4 d5 2. Nf3 Nf6 3. c4 c6 4. Nc3 a6 5. c5 Nbd7 6. Bf4 Nh5 7. Bg5 h6 8. Bd2 Qc7 9. e4 dxe4 10. Nxe4 Ndf6 11. Nxf6+ Nxf6 12. Bc4 Bf5 13. 0-0 e6 14. Qe1 Be7 15. Ba5 Qc8 16. Ne5 0-0 17. Rd1 Bd8 18. Bb3 Be4 19. Bxd8 Rxd8 20. f4 Bd5 21. Bc2 Nd7 22. Qh4 Re8 23. Rd3 Be4 24. Rg3 Bxc2 25. f5 Nxe5 26. dxe5 Kh7 27. Rxg7+ Kxg7 28. Qf6+ Kg8 29. Qxh6 Bxf5 30. Rxf5 exf5 31. Qg5+ Kf8 1/2-1/2